000 00292nam a22001337a 4500
008 181206b xxu||||| |||| 00| 0 eng d
020 _a9780471681212
041 _aeng
080 _23 TH
_a510
100 _a39
101 _aMAT
245 _aApplied Calculus
_cHallet.H
942 _2udc
_cBK
999 _c52961
_d52961